00321nam a2200133 4500020001800000082001400018100001300032245003900045260003300084300001000117650002000127650002500147650001500172 a9789364874359 aM3bRAJ/F aRajath R aFriday forensic club/cby Rajath R aKottayam:bD C Books,c2025. a159p. aNovel Malayalam aLiterature Malayalam aLiterature